000 00264nam a22001217a 4500
040 _cSY
082 _a338
100 _aCHHAY KONGKEA
245 _aAgricultural policy in western europe and the united states
260 _aRUA
_bCHH
300 _a449p.
942 _cEK
999 _c9527
_d9527